000 00607nam a22001937a 4500
999 _c181480
_d181480
005 20210915153413.0
010 _aUR-11235
020 _c76.00
_a-
035 _aU-9790
037 _bDBAD/PUB
082 _aک
100 _aعا بد علی خا ن
245 _aقصہ ا يک د ر و يش کا
_cعا بد علی خا ن
246 _aKissa Ek Darwesh Ka (Urdu)
_bby Abid Ali Khan
260 _aN.Delhi
_c2020 ء
_bEducational Publishing House
270 _a3191, Vakil Street, Kucha Pandit Lal Kuan,
_b Delhi
_e110006
_l -
300 _a104 ص
_c22 Cm(Hb)
942 _2ddc
_cUR
_hک
_mع ا ب